Portugal in the Opening of the World (Registo nº 713)

Detalhes MARC
000 -Etiqueta do registo
Cabeçalho 00744nam0a22002891 4500
005 - Identificador da versão
Campo de controlo 20240813121810.0
021 ## - Número do Depósito Legal
Código do país PT
035 ## - Other System Control Numbers
System Control Number 0000743
System Control Number 0000738
System Control Number 0000738
System Control Number 0000726
100 ## - Dados gerais de processamento
Dados gerais de processamento 20070925d m z0pory5003 ba
102 ## - Pais de publicação ou produção
País de publicação Portugal
101 0# - Língua de publicação
Língua do texto, banda sonora, etc. Português
Língua do documento no original Português
106 ## - Campo de dados codificados: material textual
Dados codificados do material textual r
105 ## - Campo de dados codificados: livros
Dados codificados dos livros a z 000yy
215 ## - Descrição física 
Indicação específica da natureza do documento e extensão da espécie 91p.
Outras indicações físicas il
Dimensões cm
200 1# - Titulo e menção de responsabilidade
Título próprio Portugal in the Opening of the World
Primeira menção de responsabilidade Luis Filipe Barreto
Outras menções de responsabilidade José Manuel Garcia
205 ## - Menção da edição
Menção da edição 1ª ed
210 ## - Publicação, Distribuição, etc. 
Lugar da edição, distribuição, etc. Lisboa
Nome do editor, distribuidor, etc. Comissão Nacional para as Comemorações dos Descobrimentos Portugueses
675 ## - Classificação Decimal Universal (CDU)
Notação 946.9
Língua da edição por
700 #1 - Nome de autor-pessoa física (responsabilidade principal)
Número de registo de entrada de autoridade 0000953
Palavra de ordem Barreto
942 ## - Elementos de entrada adicionados (Koha)
Tipo de item no Koha Livro
Exemplares
Situação do levantamento Origin of item (home branch) (coded) Biblioteca de empréstimo Código de barras Cota Circulation type (not for loan) Tipo de documento Nota do exemplar Damaged status
  Biblioteca Escolar Eng. Nuno Mergulhão Biblioteca Escolar Eng. Nuno Mergulhão BENM1202 9PT BAR   Livro Sem mensagem